[Event "SVK ECo-C Extraliga 2021-22"]
[Site "Slovakia"]
[Date "2022.02.19"]
[Round "3.1"]
[White "Zilka, Stepan"]
[Black "Pulpan, Jakub"]
[Result "1-0"]
[WhiteElo "2599"]
[BlackElo "2419"]
[Annotator "TA"]
[PlyCount "77"]
[EventDate "2021.10.21"]
[EventType "team-tourn"]
[EventCountry "SVK"]
[SourceTitle "playchess.com"]
[Source "ChessBase"]
[SourceQuality "1"]

{[%evp 15,77,43,79,78,89,69,79,81,112,75,74,78,73,71,90,92,87,62,66,68,68,65,72,68,65,68,73,58,72,33,26,32,27,21,25,20,19,22,29,25,108,96,89,103,89,89,233,241,293,194,205,198,191,187,197,177,230,205,205,205,266,264,299,287]} 1. d4 Nf6 2. c4 e6 3. Nf3 d5 4. g3 c5 5. cxd5 exd5 6. Bg2 Nc6 7. O-O cxd4 8. Nxd4 Bc5 {seems to push 8...Be7 aside.} 9. Nxc6 {D30: Queen's Gambit Declined: Systems without Nc3.} bxc6 {[#]} 10. Qc2 $1 {Inhibits Bf5.} Qb6 {[#]} 11. Nc3 $1 {Na4 is the strong threat. White is better.} Bd4 {[#]} 12. b3 $146 ({Predecessor:} 12. Na4 Qb5 13. Rd1 Bb6 14. Nxb6 axb6 15. Be3 Bd7 16. Bd4 O-O 17. Bxf6 gxf6 18. Rd4 {1-0 (30) Hossain,E (2404)-Mohammad,M (2281) Dhaka 2021}) 12... O-O 13. Bb2 {Threatens to win with Na4.} Qb7 14. Rac1 Bg4 15. h3 Bh5 16. Na4 Bxb2 17. Qxb2 Rfe8 18. e3 Bg6 19. Rc3 h5 20. Rfc1 Rac8 21. b4 Rb8 22. a3 a5 {[%cal Ra5b4]} 23. Nc5 Qa7 24. Rb3 {Hoping for bxa5.} axb4 25. Rxb4 Rxb4 26. Qxb4 Rb8 27. Qc3 Ne4 (27... Ra8 $11 {keeps the balance.}) 28. Bxe4 $16 Bxe4 29. Nxe4 dxe4 {[%mdl 4096] Endgame KQR-KQR} 30. Qe5 g6 {A mistake that costs the game.} (30... Rc8 $16) 31. Rxc6 $18 Ra8 32. Rc3 ({Weaker is} 32. Qxe4 Qxa3 33. Qd5 Qa1+ 34. Kg2 Kg7 $16) 32... Qa4 33. Kg2 Re8 34. Qd5 Qa7 35. Qb5 Rd8 (35... Qb8 {keeps fighting.} 36. a4 Qxb5 37. axb5 Kf8) 36. Qe5 Qa4 37. Qf6 Ra8 38. Rc7 {Prevents Qd7.} Qb3 39. a4 {Weighted Error Value: White=0.10 (very precise) /Black=0.21 (precise)} 1-0

[Event "SVK ECo-C Extraliga 2021-22"]
[Site "Slovakia"]
[Date "2022.02.19"]
[Round "3.1"]
[White "Antal, Gergely"]
[Black "Cernousek, Lukas"]
[Result "1-0"]
[WhiteElo "2561"]
[BlackElo "2451"]
[Annotator "TA"]
[PlyCount "107"]
[EventDate "2021.10.21"]
[EventType "team-tourn"]
[EventCountry "SVK"]
[SourceTitle "playchess.com"]
[Source "ChessBase"]
[SourceQuality "1"]

{[%evp 16,107,0,-13,0,0,0,0,6,0,0,0,44,0,60,73,63,62,79,93,107,104,95,75,75,75,95,94,93,116,234,233,218,218,218,200,200,200,200,179,229,220,229,215,229,210,228,228,391,388,419,372,419,401,964,0,324,189,256,252,526,526,526,523,523,513,513,0,517,493,514,511,504,491,475,462,490,478,600,536,657,633,1640,1640,1355,1333,1743,1369,2012,1825,1763,1736,1615,933]} 1. e4 e5 2. Nc3 Nf6 3. g3 d5 4. exd5 Nxd5 5. Bg2 Nxc3 6. bxc3 Bc5 7. Nf3 Nc6 8. O-O O-O 9. Re1 Qf6 {9...Re8 is the hot move. C47: Scotch Four Knights and Four Knights with 4 g3.} 10. d3 Bb6 11. Rb1 $1 Rb8 {[#] The position is equal.} 12. Qe2 $146 ({Predecessor:} 12. Bg5 Qd6 13. Nd2 Qg6 14. Be3 Bxe3 15. Rxe3 Bg4 16. Qc1 f6 17. Qa3 Qe8 18. Qc5 {1-0 (34) Yilmazyerli,M (2452)-Bartos,J (2243) Pardubice 2014}) 12... Be6 13. a4 Ba2 (13... Rfe8 $11) 14. Rb2 (14. Rb5 $14) 14... Bd5 (14... Be6 $1 $11) 15. Rb5 $36 {[%mdl 2048] Black is under strong pressure.} Bxf3 16. Qxf3 Qxf3 17. Bxf3 a6 18. Rb3 Rfe8 19. Bxc6 (19. Kg2 {is interesting.} Rbd8 20. Rb1 f6 21. Be4 Rb8 22. Bd5+) 19... bxc6 20. Re4 f5 21. Rc4 e4 22. d4 Re6 (22... c5 $16) 23. a5 $1 $18 Ba7 24. Rxb8+ Bxb8 {[%mdl 4096] Endgame KRB-KRB} 25. Rb4 Re8 26. Rb7 Kf7 27. c4 c5 {[#]} (27... Ke6 $142 28. Bf4 Rd8) 28. d5 $1 {Threatens to win with d6.} ({Not} 28. dxc5 Ke7 $14) 28... Ke7 29. Be3 Kd6 30. Kg2 g6 31. h4 h5 $2 (31... Rf8 32. h5 Rc8) 32. Kf1 Rg8 33. Ke1 Rh8 34. Ke2 {[#] Black must now prevent Bf4+.} Re8 (34... Kd7 $142 35. Bxc5 Kc8) 35. Kf1 $2 (35. Bf4+ Kd7 36. d6) 35... Rg8 $1 36. f3 (36. Rb3 $142) 36... Re8 (36... exf3 $142 37. Rb3 Kd7) 37. fxe4 {And now Bf4+ would win.} fxe4 $2 (37... Kd7 {was worth a try.} 38. Bxc5 Kc8) 38. Ke2 Rg8 39. Rb1 Rf8 40. Bh6 Rh8 41. Be3 Rf8 42. Rf1 {White is clearly winning.} Rf5 43. c3 Kd7 44. Rb1 Kc8 45. Bf4 Rf8 46. Ke3 Re8 47. g4 hxg4 48. Rg1 c6 49. Bxb8 Kxb8 50. Rxg4 Re5 51. Rg5 Re7 52. Rxg6 cxd5 53. cxd5 c4 54. Re6 {White took control after the opening.  Weighted Error Value: White=0.28 (precise) /Black=0.33} 1-0

[Event "SVK ECo-C Extraliga 2021-22"]
[Site "Slovakia"]
[Date "2022.02.19"]
[Round "3.1"]
[White "Aczel, Gergely"]
[Black "Navara, David"]
[Result "0-1"]
[WhiteElo "2545"]
[BlackElo "2697"]
[Annotator "TA"]
[PlyCount "80"]
[EventDate "2021.10.21"]
[EventType "team-tourn"]
[EventCountry "SVK"]
[SourceTitle "playchess.com"]
[Source "ChessBase"]
[SourceQuality "1"]

{[%evp 15,80,8,0,0,3,0,0,0,8,0,0,-10,-16,-26,26,6,23,15,26,31,52,39,58,53,56,66,77,72,67,105,89,78,154,107,110,89,184,99,124,77,77,79,164,115,111,-152,-154,-146,-168,-165,-173,-173,-177,-168,-162,-183,-197,-301,-245,-233,-260,-289,-264,-276,-261,-524,-516]} 1. d4 Nf6 2. c4 e6 3. Nc3 Bb4 4. e3 O-O 5. Bd2 b6 6. Nf3 Bb7 7. Bd3 d5 8. cxd5 {8.cxd5 is better than 8.0-0.} exd5 9. Rc1 {E52: Nimzo-Indian: Rubinstein: 4...0-0 5 Nf3 d5 6 Bd3 b6.} Re8 10. O-O Bf8 11. Ne5 {The position is equal.} c5 12. f4 Nc6 13. Bb5 Rc8 14. Be1 cxd4 (14... a6 $142 $1 15. Bxc6 Bxc6) 15. exd4 $11 {[#]} Nxd4 $146 {[%cal Oc8c3] White must now prevent ...Rxc3!} ({Predecessor:} 15... a6 16. Nxc6 Bxc6 17. Bxa6 Ra8 18. Bd3 Ne4 19. a3 Qf6 20. Ne2 Ba4 21. Bc2 Bb5 {0-1 (45) Riazantsev,A (2671)-Wojtaszek,R (2749) Doha 2016}) 16. Bxe8 (16. Qxd4 $2 Bc5 17. Rd1 Bxd4+ $19) 16... Qxe8 17. Bf2 $36 {[%mdl 2048] White is pushing.} (17. Qxd4 $2 Bc5 18. Bf2 Bxd4 19. Bxd4 Ne4 $19) 17... Nf5 {[%cal Od5d4]} 18. Re1 Qd8 19. Qb3 h5 20. h3 h4 21. Rcd1 Bc5 22. Bxc5 Rxc5 23. Nb5 Ng3 ({Black should try} 23... Nh5) 24. Nd4 (24. Nxa7 $142 Nfh5 25. Nb5) 24... Nfe4 $16 25. Rc1 Ba6 (25... Qc7 $16 26. Rxc5 bxc5) 26. Qe3 ({Better is} 26. Rxc5 $1 $18 Nxc5 27. Qd1) 26... Qf6 {[#]} 27. b4 ({Much weaker is} 27. Nd7 $6 Qxd4 28. Qxd4 Ne2+ 29. Rxe2 Rxc1+ 30. Kh2 Ng3 31. Re8+ Kh7 32. Nf8+ Kh6 $11) (27. a3 $142 $1) 27... Rxc1 28. Qxc1 {aiming for b5.} (28. Rxc1 $5 {[%cal Rb4b5]} Nd6 29. Nef3 $16) 28... Nh5 (28... Bc4 $16 {was worth a try.}) 29. b5 (29. Qc6 $18) 29... Nxf4 {[#]} 30. Nef3 $2 {[%mdl 8192] [#]} (30. Ndf3 $1 $16 {is necessary to keep the advantage.} Bxb5 31. Qc8+ Kh7 32. Nxf7) 30... Nd3 $1 $17 {[%csl LRc1,LRe1]} 31. Qe3 (31. Qb1 Nxe1) 31... Nxe1 {Black is much more active.} 32. Qxe1 Bc8 33. Qxh4 Qxh4 34. Nxh4 $19 {[%mdl 4096] Endgame KBN-KNN} Nc3 35. Nhf3 Bd7 ({Not} 35... Nxa2 36. Nc6 Bd7 37. Nxa7) 36. a4 (36. Ne5 $142 Nxb5 37. Ndc6 Bxc6 38. Nxc6) 36... Kf8 ({And not} 36... Nxa4 37. Ne5 Bc8 38. Nec6 $17) 37. Ne5 Ke7 38. Kf2 Nxa4 39. Ke3 Nc3 40. Kd3 $2 (40. Nxd7 Kxd7 41. h4) 40... Nxb5 {Weighted Error Value: White=0.35/Black=0.19 (very precise)} 0-1

[Event "SVK ECo-C Extraliga 2021-22"]
[Site "Slovakia"]
[Date "2022.02.19"]
[Round "3.1"]
[White "Petenyi Tamas"]
[Black "Pechac Jergus"]
[Result "1/2-1/2"]
[WhiteElo "2452"]
[BlackElo "2595"]
[Annotator "TA"]
[PlyCount "66"]
[EventDate "2021.10.21"]
[EventType "team-tourn"]
[EventCountry "SVK"]
[SourceTitle "playchess.com"]
[Source "ChessBase"]
[SourceQuality "1"]

{[%evp 9,66,-14,-10,-57,0,1,0,7,26,30,29,20,33,29,44,49,72,56,60,63,70,55,48,25,36,10,16,20,82,90,88,101,133,52,53,58,56,53,49,58,54,58,52,0,0,0,6,-15,7,0,54,60,100,76,124,72,93,103,177]} 1. Nf3 d5 2. g3 Nc6 3. Bg2 e5 4. d3 Be6 5. O-O f6 6. Nc3 {A07: Réti Opening: New York and Capablanca Systems.} (6. c3 $11) 6... Nge7 (6... Qd7 $15) 7. e4 $11 d4 8. Ne2 {The position is equal.} Qd7 9. c3 $1 {[#]} dxc3 $146 ({Predecessor:} 9... h5 10. cxd4 exd4 11. Nf4 Bf7 12. h4 Ng6 13. Bh3 Qd6 14. Nxg6 Bxg6 15. Bf4 Ne5 16. Bxe5 fxe5 {1-0 (35) Drozdowski,K (2455)-Barath,M (2321) Lueneburg 2018}) 10. bxc3 Ng6 11. d4 {Strongly threatening d5.} Bc4 12. Be3 Bd6 13. Re1 O-O 14. Nd2 Ba6 15. Nb3 (15. Nc1 {is more complex.} b6 16. Qa4 Nb8 17. Qb3+ Qf7 18. Bh3) 15... b6 16. Rc1 Rad8 17. d5 Nce7 18. c4 {And now c5 would win.} c5 (18... Ba3 $11 {remains equal.}) 19. Nd2 $16 Bc8 20. a4 Qc7 {[%cal Og6f4]} 21. a5 (21. Nc3 $16) 21... Nf4 $1 $14 22. axb6 (22. Rb1 {seems wilder.} Nxg2 23. axb6 axb6 24. Kxg2 f5 25. f3) 22... axb6 23. gxf4 exf4 {[#]} 24. Nxf4 Bxf4 25. Bxf4 Qxf4 26. Re3 (26. Rb1 $14) 26... Ng6 $11 27. Rb1 Rd6 28. Rg3 Ne5 29. Qe2 Bd7 ({Black should try} 29... f5 $11) 30. Qe3 $14 Qh4 31. Nf3 {White is better.} Nxf3+ (31... Qh5 $142) 32. Qxf3 (32. Bxf3 $142 Re8 33. Re1) 32... Re8 {[%cal Of6f5]} 33. Qc3 Re5 {Weighted Error Value: White=0.13 (very precise) /Black=0.19 (very precise)} (33... h5 $16) 1/2-1/2

[Event "SVK ECo-C Extraliga 2021-22"]
[Site "Slovakia"]
[Date "2022.02.19"]
[Round "3.2"]
[White "Markos, Jan"]
[Black "Horvath, Jozsef"]
[Result "0-1"]
[WhiteElo "2565"]
[BlackElo "2426"]
[Annotator "TA"]
[PlyCount "60"]
[EventDate "2021.10.21"]
[EventType "team-tourn"]
[EventCountry "SVK"]
[SourceTitle "playchess.com"]
[Source "ChessBase"]
[SourceQuality "1"]

{[%evp 21,60,0,-9,-154,-131,-135,-139,-139,-141,-218,-227,-279,-283,-321,-301,-286,-297,-319,-306,-412,-405,-406,-395,-453,-369,-431,-394,-449,-291,-299,-292,-495,-469,-420,-448,-674,-627,-626,-610,-810,-793]} 1. Nf3 g6 2. d4 Bg7 3. e4 d6 4. c4 e5 5. Be2 Nc6 6. Be3 {[%cal Bc1e3,Be3d4,Bd4c3][%mdl 32]} exd4 7. Nxd4 Nge7 {[%cal Bg8e7,Be7f5,Bf5g7][%mdl 32]} 8. Nc3 O-O 9. O-O f5 10. exf5 Bxd4 11. Bxd4 Nxf5 12. Nb5 {A42: Modern Defence: Averbakh Variation.} (12. Be3 $11 {was the only way to keep the balance.}) 12... a6 $17 (12... Nfxd4 13. Nxd4 Bd7 14. Qd2 $11) 13. Bc3 axb5 14. cxb5 {Strongly threatening Bc4+. Black is clearly better.} Nce7 $1 ({Stronger than} 14... Ne5 15. f4 Nf7 16. g4 $17) 15. g4 {[#]} (15. Re1 $17 {might work better.}) 15... Ng7 $1 $19 16. Qd4 {[%csl Gc3][%cal Rd4g7] [#]} Rf7 17. Bc4 {[%csl Gc3][%cal Rd4g7]} d5 {[%cal Oc8g4]} 18. Bb3 {[%cal Bc4b3,Bb3c2,Bc2e4,Be4g2][%mdl 32]} Qd7 {[%csl LRb5,LRg4]} 19. h3 Qxb5 {[#]} 20. Rae1 $146 {[%cal Oe1e7]} ({Predecessor:} 20. Rfe1 c5 21. Qe5 Be6 22. Qg5 Qc6 23. Bf6 c4 24. Bc2 Qb6 25. Rad1 Raf8 26. Bd4 {0-1 (37) Sarno,S (2430)-Azmaiparashvili,Z (2620) Reggio Emilia 1992}) 20... c5 {[%cal Bc7c5,Bc5c4][%mdl 32]} 21. Qd2 c4 22. Bc2 Nc6 23. Qg5 Bd7 24. Be4 Ne7 25. Bg2 d4 26. Re5 (26. Qxb5 {was forced.} Bxb5 27. Bxd4) 26... Ne6 27. Rxb5 {aiming for Qe5.} Nxg5 28. Rxb7 (28. Rxg5 $142 dxc3 29. bxc3) 28... Bc6 29. Rxe7 Bxg2 30. Rxf7 {[%cal Of7g7]} Bxf1 {White did not feel at home in the position after the opening.  Weighted Error Value: White=0.72/Black=0.18 (very precise)} 0-1

[Event "SVK ECo-C Extraliga 2021-22"]
[Site "Slovakia"]
[Date "2022.02.19"]
[Round "3.2"]
[White "Ftacnik, Lubomir"]
[Black "Piesik, Piotr"]
[Result "1-0"]
[WhiteElo "2508"]
[BlackElo "2418"]
[Annotator "TA"]
[PlyCount "83"]
[EventDate "2021.10.21"]
[EventType "team-tourn"]
[EventCountry "SVK"]
[SourceTitle "playchess.com"]
[Source "ChessBase"]
[SourceQuality "1"]

{[%evp 19,83,-13,0,0,53,50,50,66,62,60,85,81,77,63,76,20,35,20,22,18,41,18,27,33,28,39,36,25,58,72,74,76,60,52,52,52,105,73,80,47,52,28,76,81,129,129,129,129,142,92,1902,1472,29955,29959,29969,29969,29975,29976,29976,29977,29977,29978,29977,29978,29975,12828]} 1. d4 Nf6 2. c4 g6 3. Nc3 d5 4. Nf3 Bg7 5. Bf4 O-O 6. Rc1 dxc4 7. e4 Bg4 8. Bxc4 Nh5 9. Be3 Bxf3 10. gxf3 e5 {[%cal Re5d4]} 11. dxe5 {D92: Grünfeld: 4 Nf3 Bg7 5 Bf4.} Qxd1+ (11... Bxe5 $11 12. Bh6 Nc6) 12. Rxd1 $14 {[#] Threatens to win with f4.} Bxe5 13. O-O {White is slightly better.} Nc6 {[#]} 14. Nd5 $146 ({Predecessor:} 14. Rd2 Na5 15. Be2 Nf4 16. Bxf4 Bxf4 17. Rd5 Nc6 18. Kg2 Ne5 19. Rb5 b6 20. Nd5 {0-1 (49) Csala,J (2127)-Svoboda,S (2343) Slovakia 2015}) 14... Bxb2 {[%cal Be5b2,Bb2a3,Ba3c5][%mdl 32]} 15. Rb1 Ba3 16. Be2 {White is much more active. Black has bad knights. This bishop pair is nice.} b6 17. Nxc7 ({Better is} 17. f4 $16) 17... Rac8 $11 18. Nb5 Bc5 19. Rfd1 Rfd8 20. f4 Nf6 {[%cal Bh5f6,Bf6d5,Bd5c3][%mdl 32]} 21. e5 Nd5 22. Bxc5 bxc5 23. Bf3 Nd4 24. Nxd4 cxd4 25. Rxd4 Nc3 26. Rxd8+ Rxd8 $14 {[%mdl 4096] Endgame KRB-KRN} 27. Rb7 a5 (27... Nxa2 $14 28. Rxa7 Nb4) 28. Kg2 {[%cal Of4f5]} Nxa2 29. Ra7 Nb4 30. Rxa5 Nd3 {[#]} (30... Rd4 $1 $11 {might be stronger.}) 31. Kg3 $1 $16 Rd4 (31... Nc1 $142) 32. Rd5 Rxd5 33. Bxd5 {KB-KN} Kg7 34. Kf3 (34. Be4 $142 Nc5 35. Kf3) 34... f5 $2 {[%mdl 8192] Black cannot hold the game after this.} (34... g5 $16) 35. Ke3 $18 Nb4 36. Kd4 {White mates.} Kf8 37. Bb7 Ke7 38. Kc4 Nc2 39. Kc3 Na3 40. Ba6 Nb1+ 41. Kc2 Na3+ 42. Kb2 {Weighted Error Value: White=0.09 (flawless) /Black=0.35} 1-0

[Event "SVK ECo-C Extraliga 2021-22"]
[Site "Slovakia"]
[Date "2022.02.19"]
[Round "3.2"]
[White "Druska Juraj"]
[Black "Nemeth Miklos"]
[Result "1/2-1/2"]
[WhiteElo "2505"]
[BlackElo "2449"]
[Annotator "RC"]
[PlyCount "69"]
[EventDate "2021.10.21"]
[EventType "team-tourn"]
[EventCountry "SVK"]
[SourceTitle "playchess.com"]
[Source "ChessBase"]
[SourceQuality "1"]
[TimeControl "40/5400+30:1800+30"]

1. d4 {[%emt 0:00:19]} Nf6 {[%emt 0:00:09]} 2. c4 {[%emt 0:00:14]} e6 {[%emt 0:00:03]} 3. Nc3 {[%emt 0:00:20]} Bb4 {[%emt 0:00:07]} 4. Qc2 {[%emt 0:00:30]} d6 {[%emt 0:00:49]} 5. a3 {[%emt 0:25:06]} Bxc3+ {[%emt 0:10:57]} 6. Qxc3 {[%emt 0:00:30]} Nbd7 {[%emt 0:00:30]} 7. g3 {[%emt 0:00:30]} O-O {[%emt 0:00:30]} 8. Bg2 {[%emt 0:00:30]} e5 {[%emt 0:00:30]} 9. Nf3 {[%emt 0:00:30]} e4 {[%emt 0:00:30]} 10. Nd2 {[%emt 0:00:30]} Re8 {[%emt 0:00:30]} 11. Nf1 {[%emt 0:00:30]} d5 {[%emt 0:00:30]} 12. Ne3 {[%emt 0:00:30]} c6 {[%emt 0:00:30]} 13. O-O {[%emt 0:00:30]} Nf8 {[%emt 0:00:30]} 14. b3 {[%emt 0:13:24]} Be6 {[%emt 0:06:12]} 15. a4 {[%emt 0:13:27]} Qd7 {[%emt 0:02:17]} 16. Ba3 {[%emt 0:03:17]} Bh3 {[%emt 0:08:06]} 17. cxd5 {[%emt 0:02:14]} cxd5 {[%emt 0:00:59]} 18. Bxf8 {[%emt 0:00:58]} Rxf8 {[%emt 0:00:21]} 19. Rfc1 {[%emt 0:00:48]} Bxg2 {[%emt 0:01:58]} 20. Kxg2 {[%emt 0:00:50]} Ng4 {[%emt 0:01:31]} 21. Nxg4 {[%emt 0:11:35]} Qxg4 {[%emt 0:00:25]} 22. Qd2 {[%emt 0:00:31]} Rac8 {[%emt 0:05:13]} 23. h3 {[%emt 0:01:23]} Qf5 {[%emt 0:07:49]} 24. Rxc8 {[%emt 0:00:57]} Rxc8 {[%emt 0:00:07]} 25. Rc1 {[%emt 0:00:05]} Rxc1 {[%emt 0:11:15]} 26. Qxc1 {[%emt 0:00:04]} h5 {[%emt 0:00:20]} 27. Qc7 {[%emt 0:05:52]} e3 {[%emt 0:28:47]} 28. f3 {[%emt 0:00:18]} g6 {[%emt 0:04:53]} 29. Qxb7 {[%emt 0:01:32]} Qc2 {[%emt 0:00:25]} 30. Qb5 {[%emt 0:01:02]} Qd2 {[%emt 0:01:25]} 31. Qd3 {[%emt 0:00:40]} a5 {[%emt 0:00:50]} 32. h4 {[%emt 0:03:05]} Kg7 {[%emt 0:01:00]} 33. Kf1 {[%emt 0:04:52]} Qc1+ {[%emt 0:00:07]} 34. Kg2 {[%emt 0:00:05]} Qd2 {[%emt 0:00:31]} 35. Kf1 {[%emt 0:01:25]} 1/2-1/2

[Event "SVK ECo-C Extraliga 2021-22"]
[Site "Slovakia"]
[Date "2022.02.19"]
[Round "3.2"]
[White "Berezjuk, Sergej"]
[Black "Leniart, Arkadiusz"]
[Result "0-1"]
[WhiteElo "2402"]
[BlackElo "2467"]
[Annotator "ChessBase"]
[PlyCount "78"]
[EventDate "2021.10.21"]
[EventType "team-tourn"]
[EventCountry "SVK"]
[SourceTitle "playchess.com"]
[Source "ChessBase"]
[SourceQuality "1"]
[TimeControl "40/5400+30:1800+30"]

1. e4 {[%emt 0:00:05]} e5 {[%emt 0:00:08]} 2. Nf3 {[%emt 0:00:05]} Nc6 {[%emt 0:00:04]} 3. Nc3 {[%emt 0:00:04]} Nf6 {[%emt 0:00:06]} 4. d4 {[%emt 0:00:04]} exd4 {[%emt 0:00:05]} 5. Nxd4 {[%emt 0:00:01]} Bb4 {[%emt 0:00:17]} 6. Nxc6 {[%emt 0:00:06]} bxc6 {[%emt 0:00:04]} 7. Bd3 {[%emt 0:00:06]} d5 {[%emt 0:00:48]} 8. exd5 {[%emt 0:00:06]} O-O {[%emt 0:00:27]} 9. O-O {[%emt 0:00:33]} cxd5 {[%emt 0:03:18]} 10. h3 {[%emt 0:00:50]} c6 {[%emt 0:02:03]} 11. Qf3 {[%emt 0:00:44]} Rb8 {[%emt 0:02:52]} 12. Ne2 {[%emt 0:06:48]} Bd6 {[%emt 0:03:19]} 13. b3 {[%emt 0:04:38]} Be5 {[%emt 0:05:47]} 14. Bf4 {[%emt 0:08:28]} Re8 {[%emt 0:02:56]} 15. Rad1 {[%emt 0:06:41]} Bd7 {[%emt 0:09:08]} 16. c4 Qa5 {[%emt 0:00:30]} 17. Rd2 Bxf4 {[%emt 0:18:49]} 18. Qxf4 {[%emt 0:19:10]} c5 {[%emt 0:01:06]} 19. g4 {[%emt 0:09:30]} d4 {[%emt 0:04:12]} 20. Ng3 {[%emt 0:04:10]} h6 {[%emt 0:02:14]} 21. Bb1 {[%emt 0:04:01]} Rb6 {[%emt 0:04:11]} 22. Rdd1 {[%emt 0:01:09]} Rbe6 {[%emt 0:03:29]} 23. Nf5 {[%emt 0:04:57]} Ne4 {[%emt 0:02:03]} 24. Bxe4 {[%emt 0:04:53]} Rxe4 {[%emt 0:00:06]} 25. Qf3 {[%emt 0:00:08]} Bxf5 {[%emt 0:01:00]} 26. Qxf5 {[%emt 0:01:00]} R8e5 {[%emt 0:05:26]} 27. Qf3 {[%emt 0:01:44]} h5 {[%emt 0:02:02]} 28. Kg2 {[%emt 0:05:58]} Qb6 {[%emt 0:04:00]} 29. gxh5 {[%emt 0:02:58]} Qe6 {[%emt 0:06:01]} 30. Rd3 {[%emt 0:05:51]} Rf5 {[%emt 0:02:53]} 31. Qg3 {[%emt 0:02:44]} Ref4 {[%emt 0:00:13]} 32. Rdd1 {[%emt 0:01:23]} Qf6 {[%emt 0:00:31]} 33. h4 {[%emt 0:03:38]} Rxh4 {[%emt 0:01:31]} 34. f4 {[%emt 0:01:10]} Rfxh5 {[%emt 0:00:11]} 35. Rde1 {[%emt 0:02:09]} Qc6+ {[%emt 0:01:38]} 36. Rf3 {[%emt 0:01:16]} Rh2+ {[%emt 0:01:04]} 37. Kf1 {[%emt 0:00:43]} Rh1+ {[%emt 0:00:06]} 38. Ke2 {[%emt 0:00:13]} Qe4+ {[%emt 0:00:06]} 39. Kd2 {[%emt 0:00:34]} R5h2+ {[%emt 0:00:10]} 0-1

[Event "SVK ECo-C Extraliga 2021-22"]
[Site "Slovakia"]
[Date "2022.02.19"]
[Round "3.3"]
[White "Kostolansky, Sebastian Lukas"]
[Black "Lewtak, Damian"]
[Result "1-0"]
[WhiteElo "2395"]
[BlackElo "2386"]
[Annotator "ChessBase"]
[PlyCount "119"]
[EventDate "2021.10.21"]
[EventType "team-tourn"]
[EventCountry "SVK"]
[SourceTitle "playchess.com"]
[Source "ChessBase"]
[SourceQuality "1"]
[TimeControl "40/5400+30:1800+30"]

1. e4 {[%emt 0:00:03]} e6 {[%emt 0:00:17]} 2. d4 {[%emt 0:00:16]} d5 {[%emt 0:00:06]} 3. Nd2 {[%emt 0:00:54]} c5 {[%emt 0:00:09]} 4. exd5 {[%emt 0:00:49]} Qxd5 {[%emt 0:00:39]} 5. dxc5 {[%emt 0:01:30]} Bxc5 {[%emt 0:01:12]} 6. Ngf3 {[%emt 0:00:16]} Nf6 {[%emt 0:01:48]} 7. Bd3 {[%emt 0:02:22]} b6 {[%emt 0:04:01]} 8. Qe2 {[%emt 0:02:10]} Bb7 {[%emt 0:08:55]} 9. O-O {[%emt 0:03:30]} Qh5 {[%emt 0:06:26]} 10. Ne4 {[%emt 0:06:39]} Nxe4 {[%emt 0:00:47]} 11. Bxe4 {[%emt 0:00:05]} Nc6 {[%emt 0:00:49]} 12. Rd1 {[%emt 0:05:46]} Rc8 {[%emt 0:11:53]} 13. Rd5 {[%emt 0:35:34]} e5 {[%emt 0:00:36]} 14. Be3 {[%emt 0:07:27]} Bxe3 {[%emt 0:17:34]} 15. Qxe3 {[%emt 0:00:24]} O-O {[%emt 0:00:40]} 16. Rd7 {[%emt 0:04:40]} Ba8 {[%emt 0:00:55]} 17. c3 {[%emt 0:15:24]} Qg4 {[%emt 0:05:12]} 18. Rd6 {[%emt 0:01:52]} Rfe8 {[%emt 0:05:40]} 19. h3 {[%emt 0:04:35]} Qh5 {[%emt 0:00:51]} 20. Kh2 {[%emt 0:03:41]} f5 {[%emt 0:03:27]} 21. Bd5+ {[%emt 0:00:04]} Kh8 {[%emt 0:00:11]} 22. Rd7 {[%emt 0:02:15]} f4 {[%emt 0:07:44]} 23. Qe4 {[%emt 0:00:31]} Rf8 {[%emt 0:03:07]} 24. Re1 {[%emt 0:00:39]} h6 {[%emt 0:01:23]} 25. Nxe5 {[%emt 0:00:59]} Nxe5 {[%emt 0:01:12]} 26. Qxe5 {[%emt 0:00:07]} Qg6 {[%emt 0:01:22]} 27. Rd6 {[%emt 0:00:37]} Qg5 {[%emt 0:00:02]} 28. Qxg5 {[%emt 0:00:27]} hxg5 {[%emt 0:00:05]} 29. Re5 {[%emt 0:00:47]} Rf6 {[%emt 0:00:23]} 30. Rd7 {[%emt 0:00:13]} Bxd5 {[%emt 0:04:58]} 31. Rdxd5 {[%emt 0:00:05]} Rc7 {[%emt 0:01:02]} 32. Rxg5 {[%emt 0:00:53]} Re6 {[%emt 0:00:10]} 33. Rge5 {[%emt 0:00:18]} Rxe5 {[%emt 0:00:25]} 34. Rxe5 {[%emt 0:00:03]} Rd7 {[%emt 0:00:05]} 35. Re2 {[%emt 0:00:36]} g5 {[%emt 0:00:08]} 36. f3 {[%emt 0:00:51]} Kg7 {[%emt 0:00:11]} 37. Kg1 {[%emt 0:01:05]} Rd1+ {[%emt 0:00:11]} 38. Kf2 {[%emt 0:00:04]} Rc1 {[%emt 0:00:07]} 39. Rd2 {[%emt 0:00:24]} Kf6 {[%emt 0:00:14]} 40. Ke2 {[%emt 0:00:19]} Ke5 {[%emt 0:01:44]} 41. Kd3 {[%emt 0:31:02]} b5 {[%emt 0:30:50]} 42. Re2+ {[%emt 0:00:00]} Kd5 {[%emt 0:00:00]} 43. b3 {[%emt 0:00:00]} Rd1+ {[%emt 0:00:00]} 44. Rd2 {[%emt 0:00:00]} Re1 {[%emt 0:00:00]} 45. Kc2+ {[%emt 0:00:00]} Kc5 {[%emt 0:00:00]} 46. b4+ {[%emt 0:00:00]} Kc6 {[%emt 0:00:00]} 47. Kd3 {[%emt 0:00:00]} Re3+ {[%emt 0:00:00]} 48. Kd4 {[%emt 0:00:00]} Re7 {[%emt 0:00:00]} 49. Rc2 {[%emt 0:00:00]} Kb6 {[%emt 0:00:00]} 50. c4 {[%emt 0:00:00]} Rd7+ {[%emt 0:00:00]} 51. Kc3 {[%emt 0:00:00]} Rd1 {[%emt 0:00:00]} 52. cxb5 {[%emt 0:00:00]} Kxb5 {[%emt 0:00:00]} 53. a4+ {[%emt 0:00:00]} Kb6 {[%emt 0:00:00]} 54. Kc4 {[%emt 0:00:41]} a6 {[%emt 0:00:00]} 55. a5+ {[%emt 0:00:38]} Kc6 {[%emt 0:00:00]} 56. b5+ {[%emt 0:00:10]} axb5+ {[%emt 0:00:00]} 57. Kb4+ {[%emt 0:00:05]} Kd5 {[%emt 0:00:00]} 58. Rc5+ {[%emt 0:01:14]} Kd4 {[%emt 0:00:00]} 59. Kxb5 {[%emt 0:00:09]} Rb1+ {[%emt 0:00:00]} 60. Kc6 {[%emt 0:00:07]} 1-0